LEADER 01072cam a22002291 4500 001 991000994769707536 008 101214s1959 it a 000 0 ita 035 $ab13943753-39ule_inst 040 $aDip.to Studi Storici$bita 082 04$a301.44 100 1 $aFerrari, Agostino$0271596 245 10$aStratificazione sociale e mobilità nella società italiana contemporanea :$bcommento delle conclusioni della 31. settimana sociale dei cattolici d'Italia su: Le classi e l'evoluzione sociale /$cFerrari, Agostino 260 $aRoma,$bEdiz. Settimane sociali,$c1959 300 $a242 p. :$bill. ;$c22 cm. 650 4$aClassi sociali$zItalia 830 0$aConclusioni, commenti e documenti 907 $a.b13943753$b14-06-22$c14-12-10 912 $a991000994769707536 945 $aLE023 Fondo Giudice 301.44 FER 1 1 $g1$i2023000123614$lle023$o-$pE8.00$q-$rn$so $t0$u0$v0$w0$x0$y.i1521008x$z14-12-10 996 $aStratificazione sociale e mobilità nella società italiana contemporanea$9251374 997 $aUNISALENTO 998 $ale023$b21-12-10$cm$da $e-$fita$git $h0$i0 LEADER 03653 am 2200733 n 450 001 9910571794803321 005 20220509 010 $a2-7535-8736-1 024 7 $a10.4000/books.pur.163231 035 $a(CKB)5670000000357956 035 $a(FrMaCLE)OB-pur-163231 035 $a(oapen)https://directory.doabooks.org/handle/20.500.12854/86819 035 $a(PPN)267963092 035 $a(EXLCZ)995670000000357956 100 $a20220531j|||||||| ||| 0 101 0 $afre 135 $aur||||||||||| 181 $ctxt$2rdacontent 182 $cc$2rdamedia 183 $acr$2rdacarrier 200 10$aCent ans de gouvernement de l?Église catholique en France $eDe l?Assemblée des cardinaux et archevêques à la Conférence des évêques (1919-2019) /$fValentin Favrie, Charles Mercier, Christian Sorrel 210 $aRennes $cPresses universitaires de Rennes$d2022 215 $a1 online resource (300 pages) 225 1 $aHistoire 311 $a2-7535-8264-5 320 $aIncludes bibliographical references and index. 330 $aQuand ils parlent du catholicisme, les médias tendent à braquer leurs projecteurs vers des personnalités : le pape, bien sûr, mais aussi quelques évêques et figures emblématiques. Les institutions et les organismes restent dans l?ombre? lorsqu?ils ne sont pas désignés comme des lieux de scandales. Cela explique sans doute la relative indifférence qui a entouré en France les instances de coordination de l?épiscopat : si tel responsable a pu « prendre la lumière », si les tensions des assemblées plénières ont pu susciter l?attention de journalistes avides d?histoires de conflits, le travail collectif qui y a été effectué est resté relativement ignoré, alors que ses conséquences sur la vie du catholicisme français ont été importantes. L?ambition de cet ouvrage est précisément d?éclairer l?histoire des structures ayant permis aux évêques français de se concerter au niveau national, depuis la convocation d?une assemblée des cardinaux et archevêques de France en 1919 jusqu?aux transformations vécues récemment par la Conférence des évêques de France. Ce livre constitue une référence incontournable sur la gouvernance du catholicisme français contemporain. 517 $aCent ans de gouvernement de l'Eglise catholique en France 606 $aHistory 606 $acatholicisme 606 $apouvoir 606 $aépiscopat 606 $agouvernance 610 $acatholicisme 610 $apouvoir 610 $aépiscopat 610 $agouvernance 615 4$aHistory 615 4$acatholicisme 615 4$apouvoir 615 4$aépiscopat 615 4$agouvernance 700 $aAiriau$b Paul$01288718 701 $aArdura$b Bernard$01291158 701 $aCavalin$b Tangi$01283661 701 $aChatelan$b Olivier$01298465 701 $aChiron$b Jean-François$01298470 701 $aDefois$b Mgr Gérard$01319992 701 $aFavrie$b Valentin$01319993 701 $aLe Moigne$b Frédéric$01303747 701 $aMercier$b Charles$0349017 701 $aMichel$b Florian$01283299 701 $aPalard$b Jacques$0980437 701 $aPortier$b Philippe$01288569 701 $aSorrel$b Christian$01081829 701 $aToucheboeuf$b Bénédicte$01319994 701 $aFavrie$b Valentin$01319993 701 $aMercier$b Charles$0349017 701 $aSorrel$b Christian$01081829 801 0$bFR-FrMaCLE 906 $aBOOK 912 $a9910571794803321 996 $aCent ans de gouvernement de l?Église catholique en France$93034088 997 $aUNINA LEADER 04799nam 22007094a 450 001 9910960352303321 005 20200520144314.0 010 $a9786611924744 010 $a9781281924742 010 $a1281924741 010 $a9789812773425 010 $a9812773428 035 $a(CKB)1000000000414605 035 $a(EBL)1681343 035 $a(OCoLC)879025148 035 $a(SSID)ssj0000151609 035 $a(PQKBManifestationID)11146916 035 $a(PQKBTitleCode)TC0000151609 035 $a(PQKBWorkID)10320581 035 $a(PQKB)11565879 035 $a(MiAaPQ)EBC1681343 035 $a(WSP)00006128 035 $a(Au-PeEL)EBL1681343 035 $a(CaPaEBR)ebr10201205 035 $a(CaONFJC)MIL192474 035 $a(Perlego)848311 035 $a(FR-PaCSA)10208878 035 $a(FRCYB10208878)10208878 035 $a(EXLCZ)991000000000414605 100 $a20060417d2006 uy 0 101 0 $aeng 135 $aur|n|---||||| 181 $ctxt$2rdacontent 182 $cc$2rdamedia 183 $acr$2rdacarrier 200 04$aThe evolving maritime balance of power in the Asia-Pacific $emaritime doctrines and nuclear weapons at sea /$feditors, Lawrence W. Prabhakar, Joshua H. Ho, Sam Bateman 210 $aHackensack, NJ $cWorld Scientific ;$aSingapore $cInstitute of Defence and Strategic Studies$dc2006 215 $a1 online resource (xx, 297 pages) 300 $aDescription based upon print version of record. 311 0 $a9789812568281 311 0 $a981256828X 320 $aIncludes bibliographical references and index. 327 $aContents; Acknowledgments ; Foreword; Biographies of Contributors; I. Introduction ; 1. Cooperation or Competition in Maritime Asia-Pacific?; II. Issues Trends and Paradigms in Maritime Asia-Pacific ; 2. Sea Power in the Asia-Pacific Region; 3. Maritime Strategic Trends in the Asia-Pacific: Issues and Challenges ; III. National Maritime Doctrines and Capabilities ; 4. China's Naval Strategy and Transformation ; 5. Indian Navy: Keeping Pace with Emerging Challenges ; 6. Japan's National Maritime Doctrines and Capabilities 327 $a7. Security in the Pacific Rim: Evolving US Strategies Doctrines and Forces for Maritime Cooperation and Regional Collective Action ; IV. Nuclear Weapons and Missile Defences: The Maritime Dimension in the Asia-Pacific 327 $a8. China's Nuclear Doctrine Its Strategic Naval Power and Anti-Missile Defence Initiatives 9. Nuclear Weapons and Missile Defences: The Maritime Dimension in the Asia-Pacific; 10. Transforming Old Idealism into New Realism: A New Dimension in Japan's Strategy for Non-Proliferation and Counter-Proliferation and its Implications for Security Cooperation in the Asia-Pacific 11. Nuclear Weapons and Missile Defenses in the Asia-Pacific: A Maritme Perspective; V. Conclusion 330 $aThe Asia-Pacific region has emerged as the hub of global geo-political, geo-economic and geo-strategic significance in the post-Cold War period. The rise of China and the resurgence of India will be the hallmark for the next 50 years. How this surge in power is accommodated by the incumbent powers like the United States and Japan, and how the new regional powers like China and India manage the power politics that emerge will be the key determinants of regional stability. This volume examines the national maritime doctrines as well as the nuclear weapons developments at sea of the four major powers in the Asia-Pacific, namely, China, India, Japan and the United States, to see if the evolving dynamic is a cooperative or a competitive one. In particular, the volume looks at the evolving paradigms of maritime transformation in strategy and technology; the emergent new maritime doctrines and evolving force postures in the naval orders of battle; the role and operations of nuclear navies in the Asia-Pacific; and the implications and impact of nuclear weapons, ballistic missiles and sea-based missile defence responses in the region. 606 $aSea-power$zPacific Area 606 $aNuclear weapons$zPacific Area 607 $aPacific Area$xStrategic aspects 615 0$aSea-power 615 0$aNuclear weapons 676 $a359/.0309164 701 $aPrabhakar$b Lawrence W$01795988 701 $aHo$b Joshua$01795989 701 $aBateman$b W. S. G$g(Walter Samuel Grono)$0320735 801 0$bMiAaPQ 801 1$bMiAaPQ 801 2$bMiAaPQ 906 $aBOOK 912 $a9910960352303321 996 $aThe evolving maritime balance of power in the Asia-Pacific$94337529 997 $aUNINA